000 00587nam a2200229Ia 4500
003 OSt
005 20220916111028.0
006 a|||||r|||| 00| 0
007 ta
008 220915b |||||||| |||| 00| 0 eng d
024 _a123452
037 _cTextbook
040 _beng
_aARTS
_cARTS
041 _aeng
082 _aV6:1:M6, J6 (906)
100 _aGibbs Peter
245 0 _aFlag for the matabele : study of empire building in Africa
260 _c1956
650 _aHISTORY
942 _hV6:1:M6, J6 (906)
_cTB
_2CC
999 _c103820
_d103820